ডি. সি. মেসিন / (Record no. 5359)
[ view plain ]
| 000 -LEADER | |
|---|---|
| fixed length control field | 00840nam a2200217 a 4500 |
| 001 - CONTROL NUMBER | |
| JCCL Control Number | 5359 |
| 003 - CONTROL NUMBER IDENTIFIER | |
| JCCL marc code | BD-JhCC |
| 005 - DATE AND TIME OF LATEST TRANSACTION | |
| control field | 20180116185313.0 |
| 008 - FIXED-LENGTH DATA ELEMENTS--GENERAL INFORMATION | |
| fixed length control field | 171213s bg |||| ||a| 000 0 ben d |
| 035 ## - SYSTEM CONTROL NUMBER | |
| system control number | (BD-JhCC)5359 |
| 040 ## - CATALOGING SOURCE | |
| Original cataloging agency | BD-JhCC |
| Modifying agency | BD-JhCC |
| 041 ## - LANGUAGE CODE | |
| Language code of Book | eng |
| 082 ## - DEWEY DECIMAL CLASSIFICATION NUMBER | |
| Classification number | 620 |
| Author mark and Year | PAD |
| 100 ## - MAIN ENTRY--PERSONAL NAME | |
| Personal name | গঙ্গোপাধ্যায়, শ্রীশিবপ্রসাদ & সমাদ্দার, শ্রীসুধাংসু |
| 245 ## - TITLE STATEMENT | |
| Title | ডি. সি. মেসিন / |
| Statement of responsibility, etc | শ্রীশিবপ্রসাদ গঙ্গোপাধ্যায় & শ্রীসুধাংসু সমাদ্দার |
| 260 ## - PUBLICATION, DISTRIBUTION, ETC. (IMPRINT) | |
| Place of publication, distribution, etc | কলিকাতা |
| Name of publisher, distributor, etc | নিউ সেন্টাল বুক এজেন্সী |
| 300 ## - PHYSICAL DESCRIPTION | |
| Pagination | 578 p. : |
| Dimensions | 21 cm. |
| 650 ## - SUBJECT ADDED ENTRY--TOPICAL TERM | |
| Topical term or geographic name as entry element | Machine |
| 942 ## - ADDED ENTRY ELEMENTS (KOHA) | |
| Source of classification or shelving scheme | Dewey Decimal Classification |
| Koha item type | Books |
| Source of classification or shelving scheme | Damaged status | Not for loan | Home library | Current library | Shelving location | Date of accession | Cost, normal purchase price | Total Checkouts | Full call number | Barcode | Date last seen | Copy number | Koha item type |
|---|---|---|---|---|---|---|---|---|---|---|---|---|---|
| Dewey Decimal Classification | JCC Rouf Library | JCC Rouf Library | General Stacks | 12/13/2017 | 25.00 | 620 PAD | 7396 | 12/13/2017 | C-1 | Books | |||
| Dewey Decimal Classification | JCC Rouf Library | JCC Rouf Library | General Stacks | 620 PAD | 7908 | 01/16/2018 | C - 2 | Books | |||||
| Dewey Decimal Classification | JCC Rouf Library | JCC Rouf Library | General Stacks | 03/08/2018 | 25.00 | 620 PAD | 11124 | 03/08/2018 | C-3 | Books |